[Event "TCh-HUN 2007-8"]
[Site "Budapest HUN"]
[Date "2007.10.14"]
[Round "1"]
[White "Gyorkos,L"]
[Black "Honos,A"]
[Result "1-0"]
[WhiteElo "2389"]
[BlackElo "2298"]

1.Nf3 Nf6 2.c4 g6 3.g3 Bg7 4.Bg2 O-O 5.O-O c5 6.d4 cxd4 7.Nxd4 Nc6 8.Nc2 b6
9.Nc3 Bb7 10.Bg5 h6 11.Bf4 d6 12.Rb1 Na5 13.Bxb7 Nxb7 14.Qd2 Rc8 15.Bxh6 Rxc4
16.Bxg7 Kxg7 17.Ne3 Rc5 18.Ncd5 Nxd5 19.Nxd5 Rh8 20.b4 Qc8 21.f4 Rc4 22.f5 e6
23.Qb2+ e5 24.Rbc1 Rh5 25.e4 b5 26.Ne3 Rxc1 27.Rxc1 Qd8 28.Qf2 g5 29.Nd5 a5
30.f6+ Kg8 31.Qa7 Qd7 32.Qb8+  1-0

[Event "IV Amateur Open"]
[Site "Calvia ESP"]
[Date "2007.10.14"]
[Round "9"]
[White "Zoltek,T"]
[Black "Oliver Serrano,A"]
[Result "1/2-1/2"]
[WhiteElo "2223"]
[BlackElo "2094"]

1.Nf3 Nf6 2.c4 g6 3.g3 Bg7 4.Bg2 O-O 5.O-O d6 6.Nc3 Nc6 7.d3 e5 8.Rb1 a5
9.a3 h6 10.Nd2 Bd7 11.b4 axb4 12.axb4 Rb8 13.b5 Ne7 14.Bb2 c6 15.Ba3 Ne8
16.bxc6 bxc6 17.Rxb8 Qxb8 18.Qa4 Qc7 19.Rb1 f5 20.Qa6 Bc8 21.Qb6 Qxb6 22.Rxb6 e4
23.Rb3 exd3 24.exd3 Be5 25.f4 Bd4+ 26.Kf1 Rf7 27.Ne2 Bf6 28.Rb8 c5 29.Nb1 Kg7
30.Nbc3 Nc7 31.Nb5 Nxb5 32.cxb5 Bd7 33.b6 Bc6 34.b7 Bxg2+ 35.Kxg2 Nc6 36.Rc8 Rxb7
37.Rxc6 Rb3 38.Bc1 Rxd3 39.Rc7+ Kf8 40.Kf2 Ke8 41.Be3 h5 42.Ra7 h4 43.Ra2 hxg3+
44.hxg3 Kd7 45.Rd2 Rxd2 46.Bxd2 d5 47.Ke3 Kc6 48.Be1 Kb5 49.Kd2 Kc4 50.Nc1 Bg7
51.Nd3 d4 52.Kc2 Kd5 53.Nf2 c4 54.Ba5 d3+ 55.Nxd3 cxd3+ 56.Kxd3 Bd4 57.Ke2 Ke4
58.Bd8 Bg1 59.Be7  1/2-1/2

[Event "Open A"]
[Site "Arco di Trento ITA"]
[Date "2007.10.28"]
[Round "9"]
[White "Trauth,M"]
[Black "McClement,A"]
[Result "1/2-1/2"]
[WhiteElo "2180"]
[BlackElo "1594"]

1.Nf3 Nf6 2.c4 g6 3.g3 Bg7 4.Bg2 O-O 5.Nc3 d5 6.cxd5 Nxd5 7.O-O Nc6 8.d4 Nb6
9.d5 Na5 10.Qc2 Nxd5 11.Rd1 c6 12.Ne1 Bd7 13.Nxd5 cxd5 14.Rxd5 e6 15.Rd3 Rc8
16.Qd1 Rc7 17.Bf4 e5 18.Rc1 Nc6 19.Bxc6 bxc6 20.Be3 Qc8 21.Bc5 Re8 22.e4 Be6
23.Qa4 Bf8 24.Rdc3 Qb7 25.Bxf8 Rxf8 26.b4 Rd7 27.Nd3 Rd4 28.a3 Qb5 29.Qxb5 cxb5
30.Nxe5 Rxe4 31.Nf3 Rd8 32.Ng5 Re5 33.Nxe6 Rxe6 34.Rc8 Rxc8 35.Rxc8+ Kg7  1/2-1/2

[Event "22nd GP Open A"]
[Site "Le Touquet FRA"]
[Date "2007.10.30"]
[Round "5"]
[White "Le Roux,JP"]
[Black "Claverie,C"]
[Result "1-0"]
[WhiteElo "2477"]
[BlackElo "2320"]

1.Nf3 Nf6 2.c4 g6 3.g3 Bg7 4.Bg2 O-O 5.O-O d6 6.Nc3 c6 7.d4 Qa5 8.Bd2 Qh5
9.Qb3 e5 10.dxe5 dxe5 11.Ng5 b6 12.Rad1 h6 13.Nge4 Nxe4 14.Nxe4 Bh3 15.f3 Bxg2
16.Kxg2 Qf5 17.Be3 Qc8 18.c5 Kh8 19.Rd2 Qa6 20.Nd6 f5 21.Qe6 Rf6 22.Qe7  1-0

[Event "VIII Int Rapid"]
[Site "El Sauzal ESP"]
[Date "2007.11.03"]
[Round "5"]
[White "Garcia Rodriguez,D"]
[Black "De la Cruz Sanchez,G"]
[Result "1/2-1/2"]
[WhiteElo "2091"]
[BlackElo "2305"]

1.Nf3 Nf6 2.c4 g6 3.g3 Bg7 4.Bg2 O-O 5.O-O d6 6.Nc3 c6 7.d3 e5 8.Bg5 h6 9.Bxf6 Bxf6
10.Nd2 Bg7 11.Rb1 a5 12.a3 Be6 13.b4 axb4 14.axb4 d5 15.Qc2 Qd7 16.b5 Rd8
17.bxc6 bxc6 18.Na4 Qe7 19.Nb6 Ra7 20.cxd5 cxd5 21.Nxd5 Bxd5 22.Bxd5 Rxd5
23.Rxb8+ Rd8 24.Rfb1 Kh7 25.Qc6 Rc7 26.R8b7 Rdc8 27.Rxc7 Rxc7 28.Qe4 Qe6
29.Nc4 Ra7 30.Kg2 Ra2 31.Rb6  1/2-1/2

[Event "Elwood Open"]
[Site "Melbourne AUS"]
[Date "2007.11.06"]
[Round "7"]
[White "Sandler,L"]
[Black "Antic,De"]
[Result "1/2-1/2"]
[WhiteElo "2364"]
[BlackElo "2476"]

1.Nf3 Nf6 2.c4 g6 3.g3 Bg7 4.Bg2 O-O 5.O-O d6 6.d4 c6 7.h3 Qa5 8.Nc3 e5 9.e4 Nbd7
10.Be3 exd4 11.Nxd4 Ne5 12.Nb3 Qc7 13.Qe2 Be6 14.Nd2 c5 15.Nd5 Bxd5 16.cxd5 Rfe8
17.Rfc1 Qe7 18.Rab1 Rac8 19.Kh2 h5 20.Kh1 Nh7 21.f4 Nd7 22.Re1 h4 23.gxh4 Qxh4
24.Nc4 Qe7 25.Bf3 Nb6 26.Nxb6 axb6 27.Rbd1 Qh4 28.Qg2 Nf6 29.Bf2 Qxf4 30.Bg3 Qh6
31.Bxd6 Nh5 32.Bxh5 Qxh5 33.Qg4 Qxg4 34.hxg4 Bxb2 35.Rb1 Bc3 36.Re2 c4 37.Rxb6 Bd4
38.Rxb7 c3 39.Rc7 Rb8 40.Ba3 Rb1+ 41.Kg2 Ra8 42.Bc5 Rb2 43.Bxd4 Rxe2+ 44.Kf3 Rexa2
45.Bxc3 R2a7 46.Rc6 Ra6 47.Rc7 R6a7 48.Rc6 Kf8 49.g5 Ke8 50.Kf4 Ra4 51.Kf3 Kd7
52.Be5 R8a7 53.Rf6 Ke8 54.Rb6 Ra8 55.Kf4 R4a6 56.Rb7 R6a7 57.Rb6 Kd7 58.Rf6 Ke7
59.Rb6 Ke8 60.Bf6 Kd7 61.Be5 Rc8 62.Rd6+ Ke7 63.Rb6 Kd7 64.Rd6+ Ke7 65.Rb6 Kd7
66.Rd6+ Ke7 67.Rb6  1/2-1/2

[Event "TCh-FIN 2007-8"]
[Site "Finland FIN"]
[Date "2007.11.17"]
[Round "4"]
[White "Sammalvuo,T"]
[Black "Luukkonen,T"]
[Result "0-1"]
[WhiteElo "2464"]
[BlackElo "2238"]

1.Nf3 Nf6 2.c4 g6 3.g3 Bg7 4.Bg2 O-O 5.O-O d6 6.Nc3 e5 7.d3 Re8 8.Rb1 a5
9.a3 c6 10.e4 d5 11.exd5 cxd5 12.Bg5 dxc4 13.dxc4 Nbd7 14.Qd2 e4 15.Nh4 Ne5
16.Qxd8 Rxd8 17.Nd5 Nxd5 18.Bxd8 Nxc4 19.Bxe4 Be6 20.Bg5 Nxb2 21.Bc1 Na4
22.Rxb7 Rc8 23.Ra7 Nac3 24.Bf3 a4 25.Bd2 Bd4 26.Ra5 Nb6 27.Bd1 Bb3 28.Bxc3 Rxc3
29.Nf3 Bc5 30.Nd2 Bc2 31.Bxc2 Rxc2 32.Nb1 Bd4 33.Ra6 Rb2 34.g4 Kg7 35.h3 Kf6
36.Kg2 Kg5 37.Kg3 Rb3+ 38.Kg2 Rb2 39.Kg3 Rb3+ 40.Kg2 Rd3 41.Re1 f5 42.gxf5 Nd5
43.Re4 gxf5 44.h4+ Kh5 45.Rd6 fxe4 46.Rxd5+ Kxh4 47.Kf1 Bb2 48.Rb5 Rd1+ 49.Kg2 Rxb1
50.Rb4 Kg5 51.Kh3 Kf4 52.Kg2 h5 53.f3 Re1 54.Kf2 Re3 55.Rxb2 Rxf3+ 56.Kg2 Rxa3
57.Rb8 Ra2+ 58.Kg1 a3 59.Rb3 e3 60.Kf1 Rf2+ 61.Kg1 a2 62.Ra3 Rb2 63.Ra8 Rb1+
64.Kg2 a1=Q 65.Rf8+ Ke4 66.Re8+ Kd3 67.Rd8+ Ke2 68.Kg3 Qe5+ 69.Kg2 Qg5+ 70.Kh2 Qh4+
71.Kg2 Qf2+ 72.Kh3 Rh1+  0-1

[Event "WYb14"]
[Site "Kemer TUR"]
[Date "2007.11.22"]
[Round "6"]
[White "Klecker,T"]
[Black "Nakar,Ey"]
[Result "1-0"]
[WhiteElo "2078"]
[BlackElo "2154"]

1.Nf3 Nf6 2.c4 g6 3.g3 Bg7 4.Bg2 O-O 5.O-O d6 6.d4 Nbd7 7.Nc3 e5 8.e4 exd4
9.Nxd4 Re8 10.Re1 Nc5 11.Qc2 c6 12.h3 a5 13.b3 Qb6 14.Be3 Bd7 15.Rad1 Rac8
16.Nde2 Qc7 17.Bf4 Bf8 18.g4 Rcd8 19.Bg3 Bc8 20.f4 h5 21.e5 hxg4 22.exf6 gxh3
23.Be4 Nxe4 24.Nxe4 Bg4 25.Nf2 Bf5 26.Qb2 Re3 27.Kh2 Rde8 28.Qd2 Qb6 29.Nc3 d5
30.Na4 Qa7 31.c5 Bxc5 32.Nxc5 Qxc5 33.Rxe3 Qxe3 34.Qxe3 Rxe3 35.Rd2 b5 36.Nxh3 Rc3
37.Re2 Rc2 38.Rxc2 Bxc2 39.Be1 b4 40.Bf2 Bb1 41.Bb6 Bxa2 42.Bxa5 c5 43.Bb6 c4
44.Bc5 c3 45.Bxb4 c2 46.Bd2 Bxb3 47.Kg3 d4 48.Ng5 Bd5 49.Nf3 d3 50.Ne5 Kf8
51.Kf2 Ke8 52.Ke3 Kd8 53.Kxd3 Kc7 54.Kxc2 Kd6 55.Bc3 Ke6 56.Nd3 Kf5 57.Kd2 Ke4
58.Be5 Bc4 59.Nc5+ Kd5 60.Nd3 Ke4 61.Nf2+ Kd5 62.Nh3 Kc5 63.Kc3 Be6 64.Ng5 Bd5
65.Bd4+ Kb5 66.Be3 Kc6 67.Kd4 Kd6 68.Bd2 Ba2 69.Bb4+ Kd7 70.Ke5 Bb3 71.f5 gxf5
72.Kxf5 Kc6 73.Nf3 Kd5 74.Kg5 Bd1 75.Nd2 Ke6 76.Bc3 Kd7 77.Kh6 Ke8 78.Kg7 Bc2
79.Nc4 Bb3 80.Nd6+ Kd7 81.Nxf7 Ke8 82.Nd6+ Kd7 83.Bb4 Ba2 84.Kg6 Bb3 85.f7 Bxf7+
86.Kxf7 Kc6 87.Ke6 Kc7 88.Kd5 Kb6 89.Bc5+ Kc7 90.Ba7 Kd7 91.Bb8 Ke7 92.Ne4 Kd7
93.Bd6 Kc8 94.Kc6 Kd8 95.Nf6 Kc8 96.Nd5 Kd8 97.Bc7+ Ke8 98.Kd6 Kf7 99.Bd8 Ke8
100.Be7 Kf7 101.Nf4 Ke8 102.Nd3 Kf7 103.Ne5+ Ke8 104.Bf6 Kf8 105.Ke6 Ke8
106.Nc4 Kf8 107.Nd6 Kg8 108.Kf5 Kh7 109.Kg5 Kg8 110.Kg6 Kf8 111.Bd8 Kg8 112.Be7 Kh8
113.Nf5 Kg8 114.Nh6+  1-0

[Event "WYb16"]
[Site "Kemer TUR"]
[Date "2007.11.22"]
[Round "6"]
[White "Darini,P"]
[Black "Kanmazalp,O"]
[Result "1-0"]
[WhiteElo "2159"]
[BlackElo "2264"]

1.c4 Nf6 2.Nf3 g6 3.g3 Bg7 4.Bg2 O-O 5.O-O d6 6.d4 c5 7.d5 e6 8.dxe6 Bxe6
9.Ng5 Bxc4 10.Bxb7 Nbd7 11.Na3 Rb8 12.Nxc4 Rxb7 13.Nxd6 Rb4 14.Nf3 Qe7 15.a3 Rb6
16.Nc4 Re6 17.Bf4 Ne4 18.Nfd2 Nxd2 19.Qxd2 Nb6 20.Nxb6 axb6 21.Bg5 Qe8 22.Be3 Qb5
23.Rab1 Rfe8 24.Rfd1 h5 25.b3 h4 26.Qd3 Qc6 27.Qd5 hxg3 28.hxg3 Qc7 29.Kg2 Be5
30.Bg5 Bd4 31.e3 Bg7 32.Bf4 Be5 33.Kg1 Kg7 34.Rd3 g5 35.Bxe5+ Rxe5 36.Qf3 Qe7
37.Rbd1 Qe6 38.Rd6 Qxb3 39.Qf6+ Kg8 40.Rd8 Qa4 41.R1d7  1-0

[Event "20th Belgrade Trophy"]
[Site "Belgrade SRB"]
[Date "2007.11.26"]
[Round "5"]
[White "Jakovljevic,Vlado"]
[Black "Jovicic,R"]
[Result "1-0"]
[WhiteElo "2461"]
[BlackElo "2309"]

1.Nf3 Nf6 2.c4 g6 3.g3 Bg7 4.Bg2 O-O 5.O-O c5 6.d4 Nc6 7.Nc3 d6 8.dxc5 dxc5
9.Bf4 Be6 10.Ne5 Na5 11.Qc2 Nh5 12.Rad1 Qc8 13.Nd5 Re8 14.Bd2 Bxe5 15.Bxa5 Bh3
16.Nxe7+ Rxe7 17.Rd8+ Qxd8 18.Bxd8 Bf5 19.Qxf5 gxf5 20.Bxe7 Bxb2 21.Rb1 Re8
22.Bxc5 Bc3 23.Rxb7 Nf6 24.Be7 Ng4 25.Bd5 Kg7 26.e3 Be1 27.h3 Nxf2 28.Kf1 Nd3
29.Ke2 f4 30.gxf4 Nxf4+ 31.Kxe1  1-0

[Event "WYb14"]
[Site "Kemer TUR"]
[Date "2007.11.28"]
[Round "11"]
[White "Kantans,T"]
[Black "Yee,M"]
[Result "1-0"]
[WhiteElo "2015"]
[BlackElo "2135"]

1.Nf3 Nf6 2.c4 g6 3.g3 Bg7 4.Bg2 O-O 5.O-O d6 6.d4 Nc6 7.b3 e5 8.Bb2 Nd7
9.e3 f5 10.Nc3 e4 11.Nd2 Nf6 12.f3 exf3 13.Qxf3 Ne7 14.Rae1 Ng4 15.h3 Nh6
16.Ne2 c6 17.Ba3 Nf7 18.e4 Bh6 19.Nf4 Qa5 20.b4 Qb6 21.Qd3 Bg7 22.c5 dxc5
23.bxc5 Qd8 24.d5 fxe4 25.Nxe4 cxd5 26.Nd6 Nxd6 27.cxd6 Qb6+ 28.Kh1 Nf5 29.Qxd5+ Kh8
30.d7 Rd8 31.Re8+ Bf8 32.Qe5+ Ng7 33.Nxg6+  1-0

[Event "TCh-AUT 1st Bundesliga 2007-8"]
[Site "Baden AUT"]
[Date "2007.12.02"]
[Round "3"]
[White "Rausis,I"]
[Black "Polzin,R"]
[Result "1/2-1/2"]
[WhiteElo "2512"]
[BlackElo "2504"]

1.Nf3 Nf6 2.c4 g6 3.g3 Bg7 4.Bg2 O-O 5.O-O d6 6.d4 Nbd7 7.Nc3 e5 8.h3 exd4
9.Nxd4 Re8 10.Rb1 Ne5 11.b3 Bd7 12.Bb2 a6 13.Re1 c5 14.Nc2 Qc7 15.Ne3 Bc6
16.Ncd5 Bxd5 17.Nxd5 Nxd5 18.Qxd5 Re7 19.e3 Rd8 20.Red1 h5 21.a3 Kh7 22.Bxe5 Bxe5
23.b4 Rb8 24.Rb3 cxb4 25.axb4 b5 26.Bf1 bxc4 27.Bxc4 Rb6 28.Bf1 Bg7 29.Qd2  1/2-1/2

[Event "Parsvnath ch-Commonwealth"]
[Site "New Delhi IND"]
[Date "2007.12.05"]
[Round "4"]
[White "Gagare,Shar"]
[Black "Matta,V"]
[Result "1/2-1/2"]
[WhiteElo "2080"]
[BlackElo "2281"]

1.c4 Nf6 2.g3 g6 3.Bg2 Bg7 4.Nf3 O-O 5.O-O Nc6 6.Nc3 a6 7.Rb1 d5 8.cxd5 Nxd5
9.Qc2 Ndb4 10.Qa4 b5 11.Qd1 Bb7 12.a3 Nd5 13.Qc2 Nb6 14.d3 e5 15.Ne4 Nd7
16.Bg5 Qb8 17.Be3 Nd4 18.Nxd4 exd4 19.Bf4 Rc8 20.Bh3 Ne5 21.Bxc8 Qxc8 22.Rbc1 Qh3
23.f3 Rc8 24.Qc5 Qe6 25.Qa7 Bxe4 26.fxe4 g5 27.Bxe5 Bxe5 28.Rf5 f6 29.Qb7 c5
30.b3 Rc7 31.Qd5 Qxd5 32.exd5 Kf7 33.Kf2 Ke7 34.b4 c4 35.e3 dxe3+ 36.Kxe3 Bb2
37.Rc2 c3 38.d6+ Kxd6 39.Rxf6+ Kd5 40.Rxa6 Re7+ 41.Kf2 Rf7+ 42.Ke2 Re7+ 43.Kd1 Re3  1/2-1/2

[Event "Parsvnath ch-Commonwealth"]
[Site "New Delhi IND"]
[Date "2007.12.06"]
[Round "6"]
[White "Harika,D"]
[Black "Saravanan,V1"]
[Result "1-0"]
[WhiteElo "2480"]
[BlackElo "2374"]

1.Nf3 Nf6 2.c4 g6 3.g3 Bg7 4.Bg2 O-O 5.O-O c5 6.d4 Nc6 7.Nc3 cxd4 8.Nxd4 Nxd4
9.Qxd4 d6 10.Qd3 a6 11.Bd2 Rb8 12.Rac1 Bd7 13.c5 d5 14.Bf4 Bf5 15.Qd2 Rc8
16.Nxd5 Ne4 17.Bxe4 Bxe4 18.Rfd1 Bxd5 19.Qxd5 Qxd5 20.Rxd5 Bxb2 21.Rb1 Ba3
22.Be3 e6 23.Re5 Rfd8 24.Rxb7 Bc1 25.Ra7 Bxe3 26.Rxe3 Rxc5 27.Rf3 Rf8 28.Rxa6 Rc2
29.Kf1 Rc1+ 30.Kg2 Rc2 31.Re3 Rb8 32.Ra7 Rbb2 33.Rf3 Rxa2 34.Raxf7 Rxe2 35.Rf8+ Kg7
36.R3f7+ Kh6 37.h4 g5 38.Rg8 Re5 39.g4  1-0

[Event "Open"]
[Site "Granada ESP"]
[Date "2007.12.07"]
[Round "4"]
[White "Paunovic,D"]
[Black "Del Rey,D"]
[Result "1-0"]
[WhiteElo "2535"]
[BlackElo "2397"]

1.c4 Nf6 2.Nf3 g6 3.g3 Bg7 4.Bg2 O-O 5.O-O d5 6.cxd5 Nxd5 7.Nc3 Nb6 8.d3 Nc6
9.Be3 Nd4 10.Nxd4 Bxd4 11.Bh6 Bg7 12.Bxg7 Kxg7 13.b4 c6 14.Ne4 Kg8 15.Qd2 Nd5
16.Rfc1 Qb6 17.Rab1 Bd7 18.Nc5 Nf6 19.a4 a6 20.Qe3 Rfe8 21.b5 cxb5 22.Bxb7 Ra7
23.a5 Qd6 24.Bf3 Rc7 25.Nxd7 Nxd7 26.Rxc7 Qxc7 27.Rc1 Qxa5 28.Bc6 Rd8 29.Qxe7 Nf8
30.Be8  1-0

[Event "Bali Torneo de las Estrellas"]
[Site "Benidorm ESP"]
[Date "2007.12.08"]
[Round "7"]
[White "Tkachiev,V"]
[Black "Nebolsina,V"]
[Result "1-0"]
[WhiteElo "2661"]
[BlackElo "2349"]

1.Nf3 Nf6 2.c4 g6 3.g3 Bg7 4.Bg2 O-O 5.O-O d5 6.cxd5 Nxd5 7.Nc3 Nb6 8.d3 c6
9.Bd2 h6 10.Qc1 Kh7 11.Ne4 Na6 12.Bc3 Nd5 13.Bxg7 Kxg7 14.a3 Be6 15.b4 Qd7
16.Qb2+ f6 17.Rfc1 Bf7 18.Rab1 Nac7 19.Nc5 Qc8 20.e4 Nb6 21.a4 e5 22.a5 Nd7
23.Bh3 Rd8 24.d4 exd4 25.Nxd4 Nxc5 26.Bxc8 Nd3 27.Qa1 Nxc1 28.Bxb7  1-0

[Event "It"]
[Site "Podgorica MNE"]
[Date "2007.12.13"]
[Round "5"]
[White "Bogosavljevic,B"]
[Black "Jacimovic,D"]
[Result "1/2-1/2"]
[WhiteElo "2491"]
[BlackElo "2412"]

1.Nf3 Nf6 2.c4 g6 3.g3 Bg7 4.Bg2 O-O 5.O-O c6 6.d4 d6 7.Nc3 Qb6 8.b3 e5 9.c5 Qa5
10.Bd2 exd4 11.Ne4 Qa3 12.Bc1 Qa5 13.Nxd6 Qxc5 14.Nxc8 Rxc8 15.Bb2 Nbd7 16.Bxd4 Qe7
17.Qc2 Nf8 18.Rad1 Ne6 19.Bc3 Rd8 20.Ba5 Rxd1 21.Rxd1 Qa3 22.Bc3 Nd5 23.Bxg7 Kxg7
24.Ne5 Rd8 25.Nc4 Qe7 26.Qb2+ f6 27.e4  1/2-1/2

[Event "KNSB TCh-NED 2007-8"]
[Site "Netherlands NED"]
[Date "2007.12.15"]
[Round "5"]
[White "Vogel,Ja"]
[Black "Delemarre,J"]
[Result "0-1"]
[WhiteElo "2218"]
[BlackElo "2478"]

1.Nf3 Nf6 2.g3 g6 3.Bg2 Bg7 4.c4 O-O 5.O-O d6 6.d4 c5 7.Nc3 Nc6 8.d5 Na5
9.Nd2 a6 10.Rb1 Rb8 11.a3 Qc7 12.b3 b5 13.Qc2 e6 14.Bb2 bxc4 15.bxc4 Re8
16.Ba1 Rxb1 17.Rxb1 exd5 18.cxd5 c4 19.e4 Ng4 20.Nd1 Bxa1 21.Rxa1 f5 22.h3 Nf6
23.Qc3 Nxe4 24.Nxe4 fxe4 25.Ne3 Qg7 26.Qxg7+ Kxg7 27.Bf1 Re7 28.Nxc4 Nxc4
29.Bxc4 Bxh3 30.Bxa6 Kf6 31.a4 Ke5 32.Bc4 Rc7 33.Bb3 Rc3 34.Rb1 Bf5 35.Rb2 Rc1+
36.Kg2 Kd4 37.a5 Bg4 38.f4 Ke3 39.Rf2 Bf3+  0-1

[Event "XX Carlos Torre Magistral"]
[Site "Merida MEX"]
[Date "2007.12.17"]
[Round "4"]
[White "Hernandez Carmenates,Hold"]
[Black "Almeida Quintana,O"]
[Result "1/2-1/2"]
[WhiteElo "2566"]
[BlackElo "2502"]

1.Nf3 Nf6 2.c4 g6 3.g3 Bg7 4.Bg2 O-O 5.O-O d6 6.Nc3 c6 7.d4 Qa5 8.e4 Bg4
9.h3 Bxf3 10.Bxf3 e5 11.d5 cxd5 12.cxd5 Nbd7 13.Be3 Rfc8 14.Qd2 Nb6 15.Be2 Nc4
16.Bxc4 Rxc4 17.Qd3 Rac8 18.Rfc1 Nxe4 19.Nxe4 Rxc1+ 20.Rxc1 Rxc1+ 21.Bxc1 Qe1+
22.Kg2 Qxc1 23.Qb5 Bf8 24.Qxb7 Qb1 25.Nf6+ Kg7 26.Ne8+ Kg8 27.Qxa7 Qxb2 28.a4 e4
29.a5 Qe5 30.Nc7 Qc3 31.Ne8 e3 32.Qxe3 Qxa5 33.Nf6+ Kg7 34.Qd4 Qd8 35.Ne4+ Kg8
36.h4 Bg7 37.Qc4 h5 38.Qc6 Bf8 39.f4 Qe7 40.Kf3 Qd8 41.Qe8 Qa5 42.Qc6 Qd8
43.Qb7 Be7 44.Nd2 Qa5 45.Ne4 Qa3+ 46.Kg2 Qa2+ 47.Kf3 Qa3+  1/2-1/2

[Event "4th SICC Masters"]
[Site "Singapore SIN"]
[Date "2007.12.17"]
[Round "1"]
[White "Jia,H"]
[Black "Girinath,P"]
[Result "0-1"]
[WhiteElo "2161"]
[BlackElo "2448"]

1.Nf3 Nf6 2.c4 g6 3.g3 Bg7 4.Bg2 O-O 5.O-O d6 6.d4 Nc6 7.Nc3 a6 8.b3 Rb8
9.Bb2 b5 10.cxb5 axb5 11.Rc1 Bd7 12.d5 Na5 13.Nd4 e5 14.Nc2 b4 15.Na4 Bxa4
16.bxa4 b3 17.Na3 bxa2 18.Nb5 Nd7 19.Ra1 Nc5 20.Rxa2 Qd7 21.Bc1 Ra8 22.Be3 Nab3
23.Ra3 Nd4 24.Nxd4 exd4 25.Bxd4 Bxd4 26.Qxd4 Rxa4 27.Rxa4 Qxa4 28.Qxa4 Nxa4
29.Ra1 Nc3 30.Bf3 Re8 31.e3 Re5 32.Bg2 Re7 33.Ra3 Ne4 34.Kf1 f5 35.Ke2 Kf7
36.Ra8 Nc5 37.Kd2 Ne4+ 38.Bxe4 Rxe4 39.Kd3 Re7 40.Kc4 Kf6 41.Kb5 g5 42.Kc6 g4
43.Ra1 Ke5 44.Rd1 h5 45.h4 Re8 46.Kxc7 Ra8 47.Rd2 Ra5 48.Kd7 Rxd5 49.Rxd5+ Kxd5
50.Ke7 Ke4 51.Kxd6 Kf3 52.Ke5 Kxf2 53.Kf4 Ke2 54.Kg5 Kxe3 55.Kxh5 f4 56.gxf4 Kxf4
57.Kg6 g3 58.h5 g2 59.h6 g1=Q+ 60.Kf7 Kg5  0-1

[Event "4th SICC Masters"]
[Site "Singapore SIN"]
[Date "2007.12.18"]
[Round "4"]
[White "Jia,H"]
[Black "Gu Xiaobing"]
[Result "0-1"]
[WhiteElo "2161"]
[BlackElo "2300"]

1.Nf3 Nf6 2.g3 g6 3.Bg2 Bg7 4.c4 O-O 5.O-O d6 6.d4 Nc6 7.Nc3 a6 8.b3 Rb8
9.Bb2 Bd7 10.Rc1 e6 11.e3 b5 12.cxb5 axb5 13.Ne1 b4 14.Na4 Nd5 15.Nd3 h5
16.Qc2 Rb7 17.Rfe1 Ra7 18.e4 Nc3 19.Nxc3 Nxd4 20.Qd2 bxc3 21.Bxc3 Qa8 22.Qd1 e5
23.Bxd4 exd4 24.e5 Qb8 25.exd6 cxd6 26.Qd2 Rc8 27.Bd5 Rc3 28.Nf4 Bf5 29.Bc4 Kh7
30.Nd5 Rxc1 31.Rxc1 Be4 32.Re1 f5 33.Qg5 Qf8 34.a4 d3 35.Qe3 Ra5 36.Nf4 Re5
37.Ne6 Rxe6 38.Bxe6 d5 39.Rd1 Qb4 40.Bxd5 Bxd5 41.Qxd3 Ba8 42.f3 Qc5+ 43.Kg2 g5
44.h3 g4 45.hxg4 hxg4 46.Rh1+ Kg6 47.Qa6+ Bc6 48.Re1 Kg5 49.Qd3 Bxf3+ 50.Kf1 Be4
51.Qe3+ Qxe3 52.Rxe3 Bd4 53.Re1 Bc2 54.Rc1 Bxb3 55.a5 f4 56.gxf4+ Kxf4 57.Rc8 Be6
58.Rd8 Bc3 59.Rf8+ Kg3 60.Ke2 Bxa5 61.Rb8 Kg2 62.Ke3 g3 63.Rb5 Be1 64.Kf4 Bd2+
65.Ke5 Kf1 66.Kxe6 g2 67.Rf5+ Ke2 68.Re5+ Be3  0-1

[Event "XVIII Cracovia"]
[Site "Krakow POL"]
[Date "2007.12.28"]
[Round "2"]
[White "Swiercz,D"]
[Black "Tazbir,M"]
[Result "1-0"]
[WhiteElo "2274"]
[BlackElo "2464"]

1.Nf3 Nf6 2.c4 g6 3.g3 Bg7 4.Bg2 O-O 5.O-O d5 6.d4 dxc4 7.Na3 c3 8.bxc3 c5
9.Nc4 Be6 10.Nce5 Bd5 11.Bf4 cxd4 12.cxd4 Na6 13.Qa4 Nc7 14.Rfc1 Nce8 15.Nd3 Nd6
16.Bxd6 exd6 17.Nd2 Qe8 18.Qd1 Bxg2 19.Kxg2 Qd7 20.e3 Rfc8 21.Qb3 b6 22.a4 Rxc1
23.Rxc1 Rc8 24.Rxc8+ Qxc8 25.Nb4 Qc1 26.Nf3 Kf8 27.Nd5 Ne4 28.a5 Qc6 29.axb6 axb6
30.Nxb6 Nf6 31.Nc4 g5 32.Na5 Qe4 33.Qb7 h5 34.Qxe4 Nxe4 35.Nc4 Ke7 36.Ncd2 Nxd2
37.Nxd2 Ke6 38.Ne4 f6 39.h3 g4 40.h4 f5 41.Nc3 d5 42.Ne2 Bh6 43.Kf1 Kd6 44.Ke1 Kc6
45.Kd2 Kb5 46.Kc3 Ka4 47.Kd3 Kb5 48.Nc3+ Kc6 49.Kc2 Bf8 50.Kb3 Be7 51.Ka4 Bd6
52.Ne2 Kb6 53.Nc1 Bc7 54.Nd3 Kc6 55.Nf4  1-0

[Event "Harmonie Open A"]
[Site "Groningen NED"]
[Date "2007.12.30"]
[Round "9"]
[White "Rotstein,A"]
[Black "Lobzhanidze,D"]
[Result "0-1"]
[WhiteElo "2534"]
[BlackElo "2489"]

1.c4 Nf6 2.Nf3 g6 3.g3 Bg7 4.Bg2 O-O 5.O-O d6 6.Nc3 Nc6 7.d3 e5 8.Rb1 a5
9.a3 h6 10.b4 axb4 11.axb4 Be6 12.b5 Ne7 13.Bb2 Nd7 14.Ra1 Rb8 15.e3 f5 16.Qe2 g5
17.Nd2 f4 18.exf4 gxf4 19.d4 Nf5 20.Nd5 Bxd5 21.Bxd5+ Kh8 22.dxe5 Nxe5 23.Bxe5 Bxe5
24.Ra3 c6 25.Bg2 Nd4 26.Qe4 cxb5 27.cxb5 Nxb5 28.Rd3 Qf6 29.Nf3 Nc3 30.Qb4 Rbc8
31.Re1 fxg3 32.hxg3 Rc5 33.Kh2 Rfc8 34.Qxb7 R8c7 35.Qb8+ Rc8 36.Qb3 Nb5 37.Re4 Nc7
38.Qb7 Ne6 39.Nxe5 dxe5 40.Rd6 Rc2 41.Rh4 Rg8 42.Qd5 Rg6 43.Ra4 Qxf2 44.Ra8+ Kg7
45.Qb7+ Rc7 46.Qb3 Rg5 47.Rg8+ Kxg8 48.Qxe6+ Rf7 49.Qh3 h5 50.Rd3 e4 51.Rc3 e3
52.Qh4 Rfg7 53.Rc8+ Kh7 54.Qe4+ Rf5 55.Rc2 Qxg3+ 56.Kh1 Qe1+ 57.Kh2 Qg3+
58.Kh1 Qg6 59.Qxe3 Kh8 60.Rc8+ Rg8 61.Rxg8+ Kxg8 62.Be4 Rf1+ 63.Kh2 Qf6 64.Bd5+ Kg7
65.Qa7+ Kh6 66.Qe3+ Rf4 67.Bg2 Qg5 68.Qe6+ Rf6 69.Qe8 Qf4+ 70.Kh1 Rg6 71.Qh8+ Kg5
72.Qd8+ Rf6 73.Qg8+ Kh4 74.Qd8 Qg5 75.Qc7 Qd2 76.Qh2+ Kg5 77.Qe5+ Rf5 78.Qg7+ Kh4
79.Qe7+ Kg3 80.Qc7+ Rf4 81.Qg7+ Kf2 82.Qa7+ Qd4 83.Qa2+ Ke3 84.Qb3+ Qd3 85.Qe6+ Kf2
86.Qa2+ Kg3 87.Qg8+ Kh4 88.Qg7 Qd6 89.Qc3 Qd4 90.Qe1+ Kg5 91.Qe7+ Qf6 92.Qc5+ Kh6
93.Qe3 Qa1+ 94.Kh2 Qd4 95.Qe6+ Rf6 96.Qe8 Qd6+ 97.Kh1 Kg7 98.Qe3 Qf4 99.Qe7+ Rf7
100.Qc5 Rc7 101.Qg1 Rc1 102.Bf1+ Kh8  0-1

[Event "CERRADO IM"]
[Site "Mondariz-Balneario ESP"]
[Date "2007.12.30"]
[Round "5"]
[White "Frois,A"]
[Black "Astaneh Lopez,A"]
[Result "0-1"]
[WhiteElo "2354"]
[BlackElo "2342"]

1.Nf3 Nf6 2.c4 g6 3.g3 Bg7 4.Bg2 O-O 5.O-O d6 6.d4 Nc6 7.Nc3 Bg4 8.Be3 Qd7
9.Qd2 Rfe8 10.Rac1 e5 11.dxe5 Nxe5 12.Nd5 Bh3 13.Rfe1 Bxg2 14.Kxg2 Neg4 15.Nxf6+ Nxf6
16.Bd4 Re4 17.c5 d5 18.c6 bxc6 19.e3 Re6 20.Ng5 Ree8 21.Qc2 Qg4 22.Nf3 Re6
23.Ne5 Qh5 24.Nxc6 Ne4 25.Bxg7 Kxg7 26.Nd4 Rf6 27.f3 c5 28.fxe4 cxd4 29.Rf1 Rxf1
30.Rxf1 dxe3 31.Qc3+ Kg8 32.Qxe3 Qe5 33.Re1 Re8 34.Re2 f5 35.Qxa7 fxe4 36.Rc2 e3
37.Rc7 e2 38.Rxh7 Qf6  0-1

[Event "5th TCh-Asia w"]
[Site "Visakhpatnam IND"]
[Date "2008.01.05"]
[Round "3"]
[White "Navabi,S"]
[Black "Kanuri,T"]
[Result "1/2-1/2"]
[WhiteElo "2120"]
[BlackElo "2057"]

1.Nf3 Nf6 2.c4 g6 3.g3 Bg7 4.Bg2 O-O 5.O-O d6 6.d4 Nc6 7.d5 Na5 8.Nfd2 c5
9.Nc3 e5 10.a3 b6 11.b4 Nb7 12.Bb2 Nd7 13.e4 f5 14.f4 Qe7 15.Nb5 Nf6 16.Nxd6 Nxd6
17.fxe5 Nfxe4 18.exd6 Nxd6 19.Re1 Qf7 20.Be5 Bxe5 21.Rxe5 Qf6 22.Re1 Bd7
23.Qb3 Rae8 24.Qd3 Bc8 25.Rac1 Qb2 26.bxc5 bxc5 27.Kh1 Ba6 28.Rb1 Qa2 29.Bf1 f4
30.gxf4 Rxe1 31.Rxe1 Rxf4 32.Qe3 Rf7 33.Qc3 Rf2 34.Bh3 Qxd2 35.Be6+ Nf7 36.Qxd2 Rxd2
37.Rf1 Bxc4 38.Rxf7 Bxd5+ 39.Bxd5 Rxd5 40.Rxa7 Rd2 41.Rc7 Ra2 42.Rxc5 Rxa3
43.Kg2 Kg7 44.Rc7+ Kh6 45.h4 Rb3 46.Ra7  1/2-1/2

[Event "XXXIII Open"]
[Site "Sevilla ESP"]
[Date "2008.01.06"]
[Round "2"]
[White "Paunovic,D"]
[Black "Moron Hernandez,C"]
[Result "1-0"]
[WhiteElo "2522"]
[BlackElo "2033"]

1.c4 Nf6 2.Nf3 g6 3.g3 Bg7 4.Bg2 O-O 5.O-O d6 6.d4 Nc6 7.Nc3 e5 8.d5 Ne7
9.c5 Ne8 10.cxd6 Nxd6 11.e4 c6 12.dxc6 Nxc6 13.Bg5 f6 14.Qb3+ Kh8 15.Be3 b6
16.Rfd1 Qe7 17.Qd5 Nd4 18.Nxd4 exd4 19.Qxd4 Rd8 20.Rac1 Bb7 21.Qb4 Bf8 22.Nd5 Bxd5
23.Rxd5 Qf7 24.Rcd1 Nb7 25.Qb3 Rxd5 26.Qxd5 Qxd5 27.Rxd5 Bc5 28.Bxc5 Nxc5
29.e5 Rf8 30.b4 Na6 31.e6 Re8 32.a3 Nc7 33.Rd7 Nxe6 34.Rxa7 Nd4 35.Bd5 Nb5
36.Rb7 Re1+ 37.Kg2 Nxa3 38.Rxb6 f5 39.h4 Rb1 40.Rb7 Rb2 41.Bc6 Nc4 42.b5 Ne3+
43.Kg1 Rb1+ 44.Kh2 Ng4+ 45.Kg2 Rb2 46.b6 Nxf2 47.Rb8+ Kg7 48.b7 Ng4+ 49.Kf1  1-0

[Event "XXXIII Open"]
[Site "Sevilla ESP"]
[Date "2008.01.09"]
[Round "6"]
[White "Matamoros Franco,C"]
[Black "Muratet Casadevall,A"]
[Result "1-0"]
[WhiteElo "2529"]
[BlackElo "2198"]

1.Nf3 Nf6 2.c4 g6 3.g3 Bg7 4.Bg2 O-O 5.O-O d6 6.d4 Nbd7 7.Nc3 c6 8.e4 e5
9.b3 Re8 10.h3 exd4 11.Nxd4 Nc5 12.Re1 a5 13.Rb1 Qc7 14.Bf4 Nh5 15.Be3 Nf6
16.Qc2 Bd7 17.Rbd1 Qc8 18.Kh2 Re5 19.f3 Rh5 20.h4 h6 21.Kg1 Bf8 22.Nde2 Ne8
23.Qd2 b6 24.f4 Bg4 25.Rc1 Nf6 26.Bd4 Qd8 27.Qe3 Ncd7 28.Nd1 g5 29.Nf2 Bxe2
30.Rxe2 gxh4 31.g4 Rc5 32.Qh3 b5 33.Nd3 bxc4 34.bxc4 Rb8 35.Qxh4 Nh7 36.Qxd8 Rxd8
37.Rd2 Rb8 38.Nxc5 Nxc5 39.Bxc5 dxc5 40.e5 Bg7 41.Bxc6 Nf8 42.Bd5 Ng6 43.Rf1 a4
44.Kg2 a3 45.Be4 Nf8 46.Rb1 Rxb1 47.Bxb1 Ne6 48.Kf3 Kf8 49.Ke4 h5 50.g5 Nd4
51.Rh2 Ke7 52.Rxh5 Ne2 53.Rh3  1-0